000
00467nam a2200169Ia 4500
008
090711s9999 xx 000 0 und d
082
_b
64884
100
_a
बापट सुहास भा.
245
_a
रंगतरंग
260
_c
1990
300
_a
202
600
_a
बापट सुहास भा.
630
_a
रंगतरंग
700
_a
बापट सुहास भा.
730
_a
रंगतरंग
942
_c
BOOK
999
_c
315817
_d
315817